Basel - sva dni v mekke minimalizmu

Bibliographic Details
Main Author: Ferenčík, Andrej (Author)
Format: Article
Language:Slovak
PhysicalDescription:Fotogr.
ISSN:1335-3268
Subjects:

MARC

LEADER 00000nab a2200000 a 4500
001 vtls000852142
003 SK-MaSNL
005 20260304003503.0
008 180206c2003 xo 0 slo
015 |a SNBRB2003/11-31813 
035 |a CLN000203797 
040 |a SNKBUCL  |b slo  |c SNKBUCL  |e AACR2 
041 0 |a slo 
044 |a xo  |c SK 
080 |a 72(494)  |2 UDC-MRF-SK2 
100 1 |a Ferenčík, Andrej  |4 aut  |9 1052717 
245 1 0 |a Basel - sva dni v mekke minimalizmu  |c Andrej Ferenčík 
300 |b Fotogr. 
650 0 7 |a švajčiarska architektúra  |2 snkbucl  |9 101367 
651 7 |a Bazilej (Švajčiarsko)  |2 snkbucl  |9 31094 
655 7 |a články z novín a časopisov  |2 snkbucl  |9 267496 
773 0 |x 1335-3268  |t ARCH  |g Roč. 8, č. 10 (2003), s. 42-43 
850 |a Slovenská národná knižnica v Martine 
852 |a SNK  |b KIS3GCP 
958 |a RBX 
999 |c 2547613  |d 2549543